| 000 | 00662nam a2200217 u 4500 | ||
|---|---|---|---|
| 005 | 20240910064110.0 | ||
| 008 | 100610s2006 es r 000 0 spa d | ||
| 020 | _a8426359639 | ||
| 035 | _aUPN01000176455 | ||
| 049 | _aI | ||
| 050 | 4 |
_aPZ74.9 _bA4.76 |
|
| 100 | 1 |
_aAlcántara, Ricardo, _d1946- _930578 |
|
| 245 | 1 | 0 |
_aTomás y las tijeras mágicas / _cRicardo Alcántara ; il. Gusti. |
| 260 |
_aZaragoza, Esp. : _bEdelvives, _c2006. |
||
| 300 |
_a37 p. : _bil. col. |
||
| 440 | 0 |
_aAla Delta. _pRoja ; _v41 |
|
| 650 | 4 |
_aLITERATURA INFANTIL URUGUAYA _916751 |
|
| 650 | 7 |
_aAmistad _2 _94317 |
|
| 650 | 4 |
_aLibros y lectura para niños _92290 |
|
| 905 | _aInfantil | ||
| 999 |
_c148558 _d148558 |
||